| 000 | 00462nam a2200169 i 4500 | ||
|---|---|---|---|
| 001 | bg | ||
| 100 | 1 | _aBONC-BRUEVIC, V. L. | |
| 245 | 0 |
_aDomennaja elektriceskaja neustojcivost v poluprovodnikach / _cV.L. Bonc-Bruevic, J.P. Zvjagin, A.G. Mironov. |
|
| 260 |
_aMoskva, _c1972. |
||
| 700 | 1 | _aZVJAGIN, I. P. | |
| 700 | 1 | _aMIRONOV, A. G. | |
| 040 | _cBPK | ||
| 041 | _apol | ||
| 080 | _a537.311.33 | ||
| 942 | _cKS | ||
| 008 | s pl f |000 0 pol | ||
| 999 |
_c14778 _d14778 |
||
| 856 |
_uhttp://koha.tu.koszalin.pl/cgi-bin/koha/opac-detail.pl?biblionumber=14778 _yKatalog online BPK |
||